000 00378nam a2200169Ia 4500
003 0STCL
008 150530s9999 xx 000 0 und d
040 _aSTCL
_cSTCL
100 _aShrivasthav G P
245 _aPran Nath
260 _bHindi Pustak Agency ; Banarus
_c1922
300 _a0
546 _aHindi
942 _2ddc
_cBK
999 _c63648
_d63648
005 20220125171229.0